| 000 | 00805 a2200205 4500 | ||
|---|---|---|---|
| 005 | 20080908152646.0 | ||
| 008 | 080908t xxu||||| |||| 00| 0 eng d | ||
| 010 | _aENG-87670 | ||
| 020 | _c100.00 | ||
| 035 | _aEN-71203 | ||
| 037 | _bDBAD / PUB | ||
| 082 | _a305.8 | ||
| 100 | _aKadamb, Sadanand Guno | ||
| 245 |
_aKshatriya Konkan marathas of Uttara Kannada residing in Goa _ban all Goa survey _cby Sadanand Guno Kadamb |
||
| 260 |
_aPanaji (Goa) _bAuthor _c2006 |
||
| 270 |
_aF-6, Madkaikar Nagar, Bhatlem, Panaji (Goa) _bPanaji (Goa) |
||
| 300 |
_a84 p. _c21 cm ( pbk.) |
||
| 942 |
_adpl _cEN _k305.8/KAD _2ddc _h305.8 _mKAD |
||
| 999 |
_c6773 _d6773 |
||